00723 a2200193 4500001000700000003000400007005001700011008004100028082001600069100002500085245006300110260003300173300001100206653004900217942001200266999001100278952012000289952012000409002531OSt20220201124213.0  a004.6bF74D1 aForouzan, Behrouz A.1 aData communications and networkingcby Behrouz A. Forouzan aNew DelhibMcGraw Hillc2010 a1134p. aComputer networks; Data transmission systems 2ddccBK c95d95 001040708TXBaCURAJbCURAJd2012-03-07eCSCg435.00l1o004.6 F74Dp2524r2024-11-21s2023-12-12w2020-09-02yBK 001040708TXBaCURAJbCURAJd2010-09-28eCSCg435.00l1o004.6 F74Dp2523r2025-08-05s2025-07-21w2020-09-02yBK